Enciclopedia histórica y política de las mujeres: Europa y América
Uloženo v:
| Hlavní autor: | |
|---|---|
| Médium: | Kniha |
| Jazyk: | španělština |
| Vydáno: |
Madrid
Akal
2010
|
| Vydání: | 1a. ed |
| Edice: | Akal Diccionarios, 50
|
| Témata: | |
| Tagy: |
Přidat tag
Žádné tagy, Buďte první, kdo vytvoří štítek k tomuto záznamu!
|
MARC
| LEADER | 00000cam a2200000 a 4500 | ||
|---|---|---|---|
| 001 | UCD5553 | ||
| 003 | CL-VaPUC | ||
| 008 | 160915e20100000sp |||||||||||||||||spa|d | ||
| 020 | |a 9788446022831 | ||
| 082 | 0 | 4 | |a 305.42 |b FAU |2 21 |
| 100 | 0 | |a Fauré, Christine |e author |9 589337 | |
| 245 | 1 | 0 | |a Enciclopedia histórica y política de las mujeres: Europa y América |
| 250 | |a 1a. ed | ||
| 300 | |a 943 p | ||
| 942 | |c BK | ||
| 945 | |d 20160915 16:42:00 |a dcastane | ||
| 260 | |a Madrid |b Akal |c 2010 | ||
| 650 | 0 | |a Mujeres en la política |9 321357 | |
| 650 | 7 | |a HISTORIA DEL SIGLO 20 |2 CL-VaPUC |9 534281 | |
| 583 | |a last modification |c 20160915 16:42:00 |k Rodrigo Vera | ||
| 490 | 0 | |a Akal Diccionarios, 50 | |
| 999 | |c 366207 |d 366205 | ||
| 952 | |0 0 |1 0 |3 erd |4 0 |6 305_420000000000000_FAU_2010 |7 0 |8 F |9 480271 |a BIBGIM |b BIBGIM |i 5342015 |o 305.42 FAU 2010 |p 5342015 |r 2025-01-15 |w 2019-11-24 |y BK_F |z Catalogado en:20160915 |k SSL | ||